header

Progress in fluid flow research (Record no. 121280)

MARC details
000 -LEADER
fixed length control field 02253nam a2200445 a 4500
082 04 - DEWEY DECIMAL CLASSIFICATION NUMBER
Classification number 629.1 s
-- 532/.0527
245 00 - TITLE STATEMENT
Title Progress in fluid flow research
260 ## - PUBLICATION, DISTRIBUTION, ETC. (IMPRINT)
Place of publication Reston, Va. :
Name of publisher American Institute of Aeronautics and Astronautics,
Year of publication c1998.
300 ## - PHYSICAL DESCRIPTION
Number of Pages xxii, 930 p. :
Other physical details ill.
490 1# - SERIES STATEMENT
Series statement Progress in astronautics and aeronautics ;
500 ## - GENERAL NOTE
General note "A collection of papers ... presented at the Eighth Beer-Sheva International Seminar on Magnetohydrodynamic (MHD) Flows and Turbulence ... held February 25-29, 1996"--Pref.
505 2# - FORMATTED CONTENTS NOTE
Formatted contents note Transition -- Turbulence -- MHD turbulence and atmospheric turbulence -- Astrophysics -- Experimental methods and data analysis -- Energy conversion -- Solidification -- Incompressible flows -- Plasma MHD.
650 #0 - SUBJECT ADDED ENTRY--TOPICAL TERM
Topical Term Turbulence
Topical Term Fluid dynamics
Topical Term Magnetohydrodynamic instabilities
Topical Term Magnetohydrodynamics
700 1# - ADDED ENTRY--PERSONAL NAME
Personal name Branover, Herman,
Personal name Unger, Yeshajahu.
856 40 - ELECTRONIC LOCATION AND ACCESS
Uniform Resource Identifier http://site.ebrary.com/lib/rucke/Doc?id=10516748

No items available.

© 2026 Rongo University
Contact us: librarian | system librarian | Rongo university